[Event "36th Zalakaros Festival 2017"]
[Site "Zalakaros"]
[Date "2017.05.24"]
[Round "7"]
[White "Chernyshov, Konstantin"]
[Black "Del Rey, Diego"]
[Result "1-0"]
[WhiteElo "2485"]
[BlackElo "2352"]
[Annotator "TA"]
[PlyCount "83"]
[EventDate "2017.??.??"]
[EventType "swiss"]
[EventCountry "HUN"]
[SourceTitle "playchess.com"]
[Source "ChessBase"]
[SourceQuality "1"]

{[%evp 12,83,45,51,61,60,58,62,68,48,53,47,43,28,50,36,46,37,52,42,97,62,156,129,175,175,219,69,233,73,73,58,54,33,31,36,47,56,50,43,64,40,22,29,26,0,19,28,58,0,0,0,0,0,18,11,21,0,0,0,0,0,310,307,299,292,304,305,289,285,418,416,403,399]} 1. e4 d6 2. d4 Nf6 3. Nc3 e5 4. dxe5 dxe5 5. Qxd8+ Kxd8 6. Bc4 Ke8 {B07: Pirc Defence: Miscellaneous Systems} 7. f3 {LiveBook: 65 Games} (7. Bg5 Be7 8. Nf3 Nbd7 9. Nb5 Bd8 10. Bxf6 gxf6 11. O-O-O a6 12. Nc3 c6 13. Ne2 b5 14. Bb3 {1-0 (64) Nakamura,H (2791)-Vachier Lagrave,M (2819) chess.com INT 2016}) 7... Bb4 8. Nge2 Ke7 $146 {White is slightly better.} ({Predecessor:} 8... Nc6 9. Be3 Na5 10. Bd3 Be6 11. a3 Bd6 12. Nb5 Nc4 13. Bxc4 Bxc4 14. Nxd6+ cxd6 15. b3 Bxe2 16. Kxe2 d5 17. exd5 Nxd5 18. Bd2 Ke7 {½-½ (18) Sabol,M (2371)-Plat,V (2419) Czechia 2012}) 9. a3 Ba5 10. b4 Bb6 11. Bb2 c6 12. Na4 Bc7 $1 13. Nc5 Nfd7 14. Nd3 $36 {[%mdl 2048] Black is under pressure.} f6 15. Bb3 Rd8 (15... a5 $14) 16. O-O $16 {Black must now prevent f4.} Nf8 (16... a5 $14) 17. f4 $1 {[%cal Rf4e5]} exf4 18. Nexf4 ({Don't play} 18. Ndxf4 $6 Be6 $14) 18... Ne6 19. Rae1 (19. e5 $18 f5 20. Kh1) 19... Nxf4 $2 {[#]} ({Black should play} 19... Bxf4 $1 $14 20. Nxf4 Nxf4) 20. Nxf4 $2 (20. e5 $1 $18 {[%cal Re5f6] and the rest is easy. White threatens exf6+ and mate.} f5 21. Nxf4 (21. Rxf4 Bb6+ 22. Kh1 Be6 $16)) 20... Bxf4 21. Rxf4 {Threatens to win with e5.} Be6 22. Bxe6 Kxe6 23. Rh4 h6 24. e5 f5 25. Rh3 f4 26. Rh4 Rd2 27. Rxf4 {And now Rf8 would win.} Rxc2 28. Bc1 {Strongly threatening Rf8.} Nd7 29. Rg4 g5 30. h4 (30. Rd4 $14) 30... Rg8 $11 31. hxg5 hxg5 32. Rd4 Nb6 33. Rd6+ Ke7 34. Be3 Nd5 35. Bc5 Ke8 36. e6 Rg7 $2 {[%mdl 8192] [#]} (36... Rg6 $11 {and Black stays safe.}) 37. e7 $1 $18 Rxe7 38. Rxe7+ Nxe7 39. Re6 b6 40. Bxe7 ({And not} 40. Rxe7+ Kd8 $11) 40... Kf7 (40... Kd7 $142 41. Re3 g4) 41. Re3 Kg6 42. Rg3 {Precision: White = 66%, Black = 49%.} 1-0

[Event "36th Zalakaros Festival 2017"]
[Site "Zalakaros"]
[Date "2017.05.24"]
[Round "7"]
[White "Gasanov, Eldar"]
[Black "Kovalenko, Igor"]
[Result "0-1"]
[WhiteElo "2484"]
[BlackElo "2657"]
[Annotator "TA"]
[PlyCount "64"]
[EventDate "2017.??.??"]
[EventType "swiss"]
[EventCountry "HUN"]
[SourceTitle "playchess.com"]
[Source "ChessBase"]
[SourceQuality "1"]

{[%evp 10,64,35,0,41,41,47,43,44,22,121,58,76,67,72,10,20,0,16,0,0,-40,-29,-45,-35,-31,-43,-40,-8,-14,0,-45,-37,-137,-127,-370,-344,-308,-192,-200,-181,-183,-195,-201,-202,-189,-165,-370,-390,-389,-373,-29981,-29982,-29990,-29991,-29976,-29977]} 1. d4 Nf6 2. c4 e6 {[%cal Be7e6,Be6e5][%mdl 32]} 3. Nc3 Bb4 4. Qc2 d6 5. Nf3 Nbd7 6. g3 e5 {E32: Nimzo-Indian: Classical (4 Qc2): 4...0-0} 7. Bg2 O-O 8. O-O c6 {White is slightly better.} 9. Rd1 Qa5 $146 (9... Qe7 $11 {remains equal.}) ({Predecessor:} 9... Bxc3 10. bxc3 Re8 11. dxe5 dxe5 12. a4 Qc7 13. Nh4 Nc5 14. Ba3 b6 15. Bxc5 bxc5 16. Nf5 Be6 17. Nd6 Red8 18. Ne4 Nxe4 19. Qxe4 {½-½ (19) Najer,E (2677)-Vitiugov,N (2721) Czech Republic 2017}) 10. Bd2 (10. Na4 $16 {a3 is the strong threat.} Qa6 11. a3) 10... exd4 11. Nxd4 Qh5 12. Bf4 (12. Nd5 $16 {Black must now prevent Ne7+.} Bxd2 13. Ne7+ Kh8 14. Rxd2) 12... Ne5 $11 ({Much weaker is} 12... Ng4 $6 13. h3 $18) 13. a3 Bc5 14. Na4 Ng6 15. Bc1 Re8 {aiming for ...Bxd4.} 16. Nxc5 dxc5 17. Nf3 Bf5 18. Qd2 Re4 19. b3 Rae8 20. Re1 R4e7 21. Bb2 ({White should play} 21. Qg5 $15) 21... Ne4 $36 {[%mdl 2048] White is under strong pressure.} 22. Qa5 $2 (22. Qd1 $17 {is a better defense.}) 22... b6 $19 23. Qa4 Re6 24. Qxa7 {[#]} Nf4 $1 {And now ...Bh3 would win.} 25. Qc7 ({Stronger than} 25. gxf4 Bh3 $11) 25... Nxg2 26. Kxg2 Bh3+ 27. Kg1 h6 28. Rad1 $2 {[#]} (28. Qf4 {was the only chance.}) 28... Nd2 $1 29. Nxd2 Rxe2 30. Rxe2 $2 (30. f3 $19 Rxe1+ 31. Rxe1 Rxe1+ 32. Kf2) 30... Qxe2 {Black mates.} 31. Ra1 Qxd2 32. Be5 Qe2 {Precision: White = 38%, Black = 73%.} 0-1

[Event "36th Zalakaros Festival 2017"]
[Site "Zalakaros"]
[Date "2017.05.24"]
[Round "7"]
[White "Czebe, Attila"]
[Black "Gara, Ticia"]
[Result "1-0"]
[WhiteElo "2475"]
[BlackElo "2329"]
[Annotator "TA"]
[PlyCount "125"]
[EventDate "2017.??.??"]
[EventType "swiss"]
[EventCountry "HUN"]
[SourceTitle "playchess.com"]
[Source "ChessBase"]
[SourceQuality "1"]

{[%evp 17,125,-22,-25,-41,-18,-51,-33,-40,-45,-49,-25,-25,-25,-25,-25,-25,-33,-31,0,-46,7,0,0,0,21,32,46,45,43,44,40,48,67,42,47,15,11,14,29,10,30,23,58,63,89,96,92,89,100,98,108,95,136,141,152,152,155,148,148,145,145,125,197,197,187,204,175,142,146,157,152,129,123,100,112,102,235,231,218,169,182,112,112,112,112,112,113,78,80,78,78,78,78,78,100,79,267,175,393,393,375,371,12841,12841,12840,12840,12841,12841,12841,12842]} 1. b3 c5 2. Bb2 Nc6 3. Nf3 d6 4. g3 (4. d4 cxd4 5. Nxd4 Nf6 6. Nxc6 bxc6 7. e3 g6 8. Be2 Bg7 9. O-O O-O 10. c4 c5 11. Bf3 Rb8 12. Nc3 Nd7 13. Qd2 Ne5 {½-½ (65) Nakamura,H (2785)-Yu,Y (2738) Caleta 2017}) 4... e5 5. Bg2 g6 6. O-O {A04: Unusual lines after 1 Nf3 and King's Indian Attack} Bg7 7. c4 Nge7 8. Nc3 O-O 9. Ne1 Be6 {LiveBook: 6 Games} 10. Nc2 Qd7 $146 ({Predecessor:} 10... d5 11. cxd5 Nxd5 {½-½ (38) Czebe,A (2458)-Druska,J (2476) Bojnice 2016}) 11. Re1 d5 12. cxd5 Nxd5 13. Ne3 {[%cal Rg2d5]} Nde7 14. Ne4 b6 $1 15. Ng5 Rad8 16. d3 Nd4 17. Rb1 Nec6 18. Ba1 h6 (18... f5 $15) 19. Nxe6 $11 Qxe6 20. a3 Rfe8 21. Nc4 {[%cal Be3c4,Bc4d2,Bd2e4][%mdl 32]} Kh7 22. b4 b5 23. Nd2 cxb4 24. axb4 Bf8 25. Bc3 Ne7 26. Ne4 {aiming for e3.} Nd5 27. Bd2 Rc8 28. Rb2 $1 Nb6 29. e3 $36 {[%mdl 2048] White is more active.} Nf5 30. Rc2 Rxc2 31. Qxc2 Rc8 32. Qb1 Be7 33. Rc1 Rxc1+ 34. Qxc1 Nd6 35. Qc7 {Strongly threatening Nc5.} Nd5 36. Qxa7 Nxe4 37. Bxe4 Nxb4 38. Qb7 Na6 39. Bd5 Nc5 (39... Qf6 $16 40. Qxb5 Nc7) 40. Bxe6 $18 Nxb7 41. Bxf7 {[%mdl 4096] Endgame KBB-KBN} Kg7 42. Ba2 Nc5 43. Bb1 g5 44. h3 Nb3 45. Be1 Kf6 46. Kf1 Bd8 (46... Ba3 $16 47. Ke2 Bd6) 47. Bc2 Na5 48. Ke2 Nc6 49. Bb3 (49. d4 $18) 49... Ba5 $16 50. Bxa5 Nxa5 {KB-KN} 51. Bd5 Ke7 52. d4 exd4 53. exd4 Kd6 54. Bg8 Nc6 55. Kd3 Nb4+ 56. Ke4 Nc2 $2 {[#]} (56... Nc6 $16) 57. Bb3 Na1 $2 (57... Nb4 58. f4 gxf4) 58. Bd1 $18 b4 {intending ...b3.} 59. Kd3 b3 $2 (59... Kd5 60. f4 b3) 60. Kc3 {White is clearly winning.} Kd5 61. Bf3+ Kd6 62. Be4 h5 63. Kb2 {Precision: White = 63%, Black = 46%.} 1-0

[Event "36th Zalakaros Festival 2017"]
[Site "Zalakaros"]
[Date "2017.05.24"]
[Round "7"]
[White "Horvath, Adam"]
[Black "Hemant, Sharma"]
[Result "1-0"]
[WhiteElo "2469"]
[BlackElo "2380"]
[Annotator "TA RC"]
[PlyCount "190"]
[EventDate "2017.??.??"]
[EventType "swiss"]
[EventCountry "HUN"]
[SourceTitle "playchess.com"]
[Source "ChessBase"]
[SourceQuality "1"]

{[%evp 21,190,43,35,40,30,34,66,66,69,63,60,50,230,221,221,168,197,192,203,115,113,57,73,80,112,46,41,6,52,52,60,52,110,56,54,54,59,64,179,182,195,179,195,195,200,195,195,193,183,183,191,192,208,194,326,334,325,324,285,317,316,313,294,229,223,223,223,223,479,459,478,464,523,443,1390,1382,1367,1367,1308,1272,1202,1081,1108,1115,1074,691,4736,4408,4059,3407,2492,1054,922,671,625,615,530,231,217,217,217,217,217,217,217,217,217,172,172,172,172,0,217,0,217,217,4698,2815,1985,0,1633,445,423,423,410,374,1387,327,1352,82,82,82,82,82,82,82,82,75,82,82,1352,1008,1081,217,279,217,1154,1025,765,217,217,172,710,217,544,541,392,0,172,172,82,82,82,82,135,82,29967,29968,29976,29977,29985]} 1. e4 c5 2. Nf3 g6 3. d4 cxd4 4. Nxd4 Nc6 5. c4 Nf6 6. Nc3 Nxd4 7. Qxd4 d6 8. Be2 Bg7 9. Be3 O-O 10. Qd2 a5 {B36: Sicilian: Maroczy Bind: Gurgenidze System} 11. f3 a4 {LiveBook: 97 Games} 12. Kf2 Qa5 {White is slightly better.} 13. Rac1 {[#]} Bd7 $146 ({Predecessor:} 13... Be6 14. Nd5 Bxd5 15. Qxa5 Rxa5 16. cxd5 Nd7 17. Rc7 Nc5 18. Rb1 {1-0 (72) Caruana,F (2827)-Antipov,M (2580) Caleta 2017}) 14. Nd5 Nxd5 15. Qxa5 (15. Qxd5 Bxb2 16. Rb1 a3 $15) 15... Rxa5 16. cxd5 Bb5 $2 (16... Bc8 $14) 17. Bd2 $1 $18 {[%cal Rd2a5]} Bd4+ 18. Ke1 Bxe2 19. Bxa5 Ba6 20. Kd2 ({White should try} 20. Rc7 $1 $18) 20... f5 $16 21. Bc3 (21. Rc7 $16) 21... Bf2 22. e5 f4 23. Kc2 (23. exd6 $1 $16 exd6 24. Kc2) 23... dxe5 $1 $14 24. Bxe5 {next d6 is good for White.} Be3 (24... Rf5 $5 {[%cal Rf5e5]} 25. Bc7 Be3 $11) 25. Rcd1 {And now Rhe1 would win.} Be2 26. Rde1 Bc4 (26... Rc8+ $14 27. Bc3 Bc4) 27. b3 (27. Bd4 $16) 27... Bxd5 28. Rd1 axb3+ 29. axb3 Be6 (29... e6 $14) 30. Bd4 $1 $18 Bf5+ 31. Kb2 Rc8 32. Bxe3 $1 Rc2+ 33. Ka3 fxe3 {[%mdl 4096] Endgame KRR-KRB} 34. g4 $1 {[%cal Rg4f5]} Be6 35. Rd3 $1 Re2 36. Rc1 Kf7 37. Rc5 h5 (37... Rxh2 {was necessary.} 38. Re5 (38. Rxe3 Bd7 $18) 38... Rd2 39. Rdxe3 Rd6) 38. Re5 ({Don't play} 38. gxh5 $6 gxh5 39. Re5 (39. Rxh5 Kf6 $18) 39... Rxh2 $18) 38... hxg4 39. Rdxe3 Rxe3 40. Rxe3 gxf3 41. Rxf3+ {KR-KB} Bf5 42. Re3 Kf6 43. Kb4 e5 44. Kc5 Ke6 $2 (44... Bc2 45. Kd5 e4) 45. b4 b6+ 46. Kc4 $1 Kd6 47. h4 b5+ (47... Be6+ $142 48. Kb5 Bf5 49. Kxb6 Kd5) 48. Kc3 Kd5 49. Kd2 Kd4 50. Rc3 Be4 51. Rc5 Bd3 52. Rc6 Be4 53. Rf6 Kc4 54. Ke3 Bb1 55. Rf1 Bc2 56. Kd2 (56. Rc1 $142 Kb3 57. Kd2) 56... Be4 57. Rg1 Bf5 58. Rg5 Bb1 59. Rxe5 (59. Rg4+ $142 Kd5 60. Ke3) 59... Kxb4 60. Re1 Ba2 61. Rg1 Bf7 62. Rf1 Ba2 63. Kc1 Bc4 64. Rf6 Bd3 65. Kd2 Bb1 66. Rf1 Ba2 $1 67. Rg1 Bf7 68. Ke3 Ka3 $2 (68... Kc5 69. Rf1 Bb3) 69. Rf1 Ba2 70. Kd2 $2 ({White should play} 70. Kd4 $18 {Hoping for Rf6.} Kb4 71. Rg1) 70... b4 $2 {[%mdl 8192]} (70... Kb4 $11 71. Rf4+ Kc5) 71. Rf6 (71. Kd3 $142 Kb2 72. Rf2+ Kb3 73. Kd4) 71... Bb1 72. Kc1 $1 {[%cal Rc1b1]} Be4 73. Rf4 $1 {[%cal Rf4e4]} Bd5 $2 (73... Bf5 74. h5 b3) 74. Rd4 $2 (74. Kd2 Ba2 75. Kd3) 74... Bc6 $2 (74... Be6 75. Rd6 Bf5) 75. Rd6 $2 (75. Kd2 $18 {has better winning chances.} Ka4 76. Ke3) 75... Be4 $16 76. Re6 Bf5 77. Ra6+ Kb3 78. Rf6 {Strongly threatening h5!} Bd3 79. Kd2 Bb1 80. Rf4 Ka4 $2 {[%mdl 8192]} (80... Bc2 $16) 81. Kc1 $18 Bd3 82. Kb2 $2 (82. Rd4 Bf5 83. Kb2) 82... Be2 83. Re4 Bd3 $2 (83... Bh5 84. Re1 Bf3) 84. Rd4 Bf5 85. Rd8 $2 (85. Rd6 Be4 86. Rd8) 85... Be4 86. Re8 Bf5 $2 (86... Bd5 87. Kc2 Ka3) 87. Re7 Bd3 $2 (87... Bg4 {is tougher.} 88. Ra7+ Kb5) 88. Re5 Bc4 89. Re7 (89. Kc2 $142) 89... Bd3 $1 90. Ra7+ Kb5 91. Kb3 {Rb7+ is the strong threat.} Bc4+ 92. Kc2 {Black must now prevent Rg7.} Kc5 {[#]} ({Better is} 92... Be6 93. Kd3 Kc5 94. Ra5+ Kd6) 93. Rg7 (93. Kb2 $142 $1) 93... Be6 $2 {[%mdl 8192]} (93... Bd5 $16 94. Kd3 Ba2 95. Rc7+ Kd5) 94. Kb2 Bf5 {[#]} 95. h5 $1 {[%mdl 512]} Kd5 {Precision: White = 62%, Black = 33%.} (95... gxh5 96. Rg5) 1-0

[Event "36th Zalakaros Festival 2017"]
[Site "Zalakaros"]
[Date "2017.05.24"]
[Round "7"]
[White "Livaic, Leon"]
[Black "Aleksandrov, Aleksej"]
[Result "1/2-1/2"]
[WhiteElo "2464"]
[BlackElo "2559"]
[Annotator "TA"]
[PlyCount "48"]
[EventDate "2017.??.??"]
[EventType "swiss"]
[EventCountry "HUN"]
[SourceTitle "playchess.com"]
[Source "ChessBase"]
[SourceQuality "1"]

{[%evp 22,48,53,43,50,31,38,32,26,0,0,0,0,0,0,0,0,-62,-54,-18,0,0,0,0,0,7,11,0,12]} 1. d4 Nf6 2. c4 e6 3. Nf3 d5 4. Nc3 Bb4 5. Qa4+ Nc6 6. e3 O-O 7. Bd2 Re8 {D38: Queen's Gambit Declined: Ragozin Defence (4 Nf3 Bb4)} (7... dxc4 8. Bxc4 Bd6 9. Qc2 e5 10. dxe5 Nxe5 11. Nxe5 Bxe5 12. f4 Bxc3 13. Bxc3 Ng4 14. Bd4 c5 15. Bxc5 {½-½ (33) Giri,A (2782)-So,W (2770) Paris 2016}) 8. a3 Bf8 9. Rd1 Ne4 10. Be2 Nxd2 11. Rxd2 a6 12. O-O {LiveBook: 3 Games} g6 $146 ({Predecessor:} 12... Rb8 13. Qc2 g6 14. Rc1 Bg7 15. Na4 {1-0 (43) Dydyshko,V (2584)-Manik,M (2448) Slovakia 2009}) 13. Re1 Bg7 14. Bf1 Ne7 15. Qc2 b6 16. cxd5 exd5 17. Rc1 Bb7 18. Na2 (18. Na4 $5 {[%cal Rc2c7]}) 18... Rc8 19. Nb4 (19. Qb3 $11) 19... c5 $15 20. dxc5 Rxc5 {The position is equal.} 21. Qd1 Rxc1 22. Qxc1 a5 23. Nc2 Qc7 24. Qb1 Rc8 {Precision: White = 27%, Black = 97%.} 1/2-1/2

[Event "36th Zalakaros Festival 2017"]
[Site "Zalakaros"]
[Date "2017.05.24"]
[Round "7"]
[White "Puranik, Abhimanyu"]
[Black "Prohaszka, Peter"]
[Result "1/2-1/2"]
[WhiteElo "2459"]
[BlackElo "2596"]
[Annotator "TA"]
[PlyCount "78"]
[EventDate "2017.??.??"]
[EventType "swiss"]
[EventCountry "HUN"]
[SourceTitle "playchess.com"]
[Source "ChessBase"]
[SourceQuality "1"]

{[%evp 9,78,35,44,30,44,35,46,44,54,21,17,27,25,18,22,17,21,22,14,19,27,9,9,13,21,10,6,4,16,0,0,0,0,0,29,11,17,17,29,0,0,0,0,0,0,0,0,0,0,0,0,0,0,0,0,0,0,0,0,0,6,6,6,0,2,2,2,2,2,2,2]} 1. e4 c6 2. Nf3 d5 3. Nc3 dxe4 4. Nxe4 Nf6 5. Qe2 Bf5 (5... Nxe4 6. Qxe4 Qd5 7. Qe3 Bf5 8. b3 e6 9. c4 Qe4 10. Bb2 Na6 11. Be2 Nb4 12. O-O Nd3 13. Bxd3 Qxd3 14. Nh4 Qxe3 15. dxe3 {0-1 (129) Li,R (2577)-Howell,D (2667) Saint Louis 2017}) 6. Nxf6+ {B11: Caro-Kann: Two Knights Variation} gxf6 7. d3 Nd7 $146 ({Predecessor:} 7... e6 8. g3 Na6 9. Bg2 Bb4+ 10. Bd2 Bxd2+ 11. Qxd2 Bg4 12. Nh4 Qd4 13. O-O {1-0 (41) Marinkovic,I (2448)-Jovic,S (2328) Kragujevac 2013}) 8. g3 {White is slightly better.} Bg4 {[#] And now ...Qa5+ would win.} 9. d4 Qa5+ 10. Bd2 Qf5 11. Nh4 Bxe2 12. Nxf5 Bxf1 13. Rxf1 e6 14. Ne3 Nb6 15. c4 O-O-O 16. b3 f5 17. Bc3 Bg7 18. O-O-O h5 19. Ng2 c5 20. dxc5 Bxc3 21. cxb6 axb6 22. Kc2 Bf6 23. Rxd8+ Kxd8 $11 {[%mdl 4096] Endgame KRB-KRN} 24. Kd3 h4 {The position is equal.} 25. Ke2 hxg3 26. hxg3 Kc7 27. Rd1 Be7 28. Nf4 Ra8 29. a4 Rh8 30. Nd3 Bd6 31. Ne1 f4 32. gxf4 Bxf4 33. Nd3 Bd6 34. Rg1 Rh5 35. Rg7 Rf5 36. f3 Kd7 37. Nf2 Ke7 38. Ne4 Be5 39. Rh7 Bd4 {Precision: White = 69%, Black = 68%.} 1/2-1/2

[Event "36th Zalakaros Festival 2017"]
[Site "Zalakaros"]
[Date "2017.05.24"]
[Round "7"]
[White "Krzyzanowski, Marcin"]
[Black "Kantor, Gergely"]
[Result "1/2-1/2"]
[WhiteElo "2457"]
[BlackElo "2481"]
[Annotator "TA"]
[PlyCount "150"]
[EventDate "2017.??.??"]
[EventType "swiss"]
[EventCountry "HUN"]
[SourceTitle "playchess.com"]
[Source "ChessBase"]
[SourceQuality "1"]

{[%evp 11,150,0,4,-3,0,-10,2,-10,-10,-11,19,14,15,4,20,16,14,14,14,3,25,-15,-4,-21,-19,-12,-15,-18,-9,-4,-3,-3,0,0,0,-10,-12,-30,-29,-22,-44,-66,-56,-93,-88,-96,-90,-94,-94,-81,-93,-166,-164,-174,-166,-183,-165,-241,-179,-274,-264,-266,-273,-252,-268,-262,-245,-236,-233,-245,-112,-108,-108,-107,-93,-83,-94,-139,-123,-121,-119,-127,-72,-89,-100,-111,-98,-91,-90,-83,-96,-103,-73,-100,-62,-64,-52,-194,-70,-75,-62,-61,-40,-40,-40,-40,-40,-41,-41,-41,-4,-4,0,0,0,-8,-8,-8,-8,-8,-8,-8,0,-8,0,-8,0,0,0,0,0,0,0,0,0,0,0,0,0,0,0]} 1. e4 e5 2. Bc4 Nc6 3. d3 Nf6 4. Nc3 Na5 5. Qf3 Be7 (5... d6 6. Nge2 Be7 7. h3 O-O 8. O-O Be6 9. b3 Qd7 10. a4 Rad8 11. Ba3 Ne8 12. Qe3 a6 13. f4 Nxc4 14. bxc4 exf4 15. Nxf4 {½-½ (45) Rublevsky,S (2681)-Jakovenko,D (2704) Khanty-Mansiysk 2016}) 6. Nge2 {[%cal Bg1e2,Be2g3,Bg3f5][%mdl 32] C28: Vienna Game: 2...Nf6 3 Bc4 Nc6} O-O {LiveBook: 4 Games} 7. Ng3 d6 8. Nf5 Be6 $146 (8... Bxf5 $5 9. Qxf5 Nxc4 10. dxc4 c6 $11) ({Predecessor:} 8... Bxf5 9. Qxf5 c6 10. Bb3 b5 11. O-O Nd7 12. f4 Nxb3 13. axb3 {½-½ (63) Karakehajov,K (2280)-Radulski,J (2442) Tsarevo 2001}) 9. Bg5 (9. Bb3 $5) 9... Bxf5 $1 ({But not} 9... Bxc4 $6 10. dxc4 Nc6 11. Nxe7+ Nxe7 12. Bxf6 $16) 10. Qxf5 Nd5 11. Bxd5 Bxg5 12. a3 Nc6 13. Ne2 Bh6 14. Ba2 Ne7 15. Qf3 Kh8 16. Ng3 ({Don't blunder} 16. Bxf7 $2 Nc6 $19) 16... Qd7 17. Nf5 Nxf5 18. exf5 c6 19. Qh5 Qe7 20. O-O d5 21. Rae1 Qf6 22. c3 Rae8 23. Re2 Bg5 24. Rfe1 g6 25. fxg6 fxg6 26. Qh3 {[#]} e4 $1 $36 {[%cal Be5e4,Be4e3][%mdl 2592] Black has good play.} 27. Rf1 {[#]} (27. dxe4 Rxe4) 27... e3 $1 {[%cal Re3f2][%mdl 512] ( -> ...exf2+)} 28. f3 {[#]} (28. fxe3 Qxf1#) 28... d4 $1 29. Qg4 Bf4 {[%cal Bg5f4,Bf4e5,Be5c3][%mdl 32]} 30. g3 Be5 31. f4 (31. cxd4 $17 Bxd4 32. f4) 31... dxc3 $19 32. bxc3 Bxc3 33. Kg2 Qd6 34. Bb1 (34. f5 {was necessary.}) 34... Bd4 35. h4 (35. a4 $142) 35... h5 36. Qg5 Kg7 37. Qa5 Rf5 38. Qa4 Re7 39. Ba2 Rc5 40. Qb3 Qd5+ (40... Kh6 $19 {has better winning chances. And now ...Rc3 would win.} 41. a4 b5) 41. Qxd5 $17 cxd5 42. f5 Bf6 43. d4 Bxd4 {White must now prevent ...Bf6.} 44. Rd1 Bc3 {Threatens to win with ...Bd2.} 45. Bxd5 gxf5 46. Bf3 Rce5 ({Black should try} 46... Ra5 47. Bxh5 Rxa3) 47. Rd3 Bd2 48. Bxh5 b5 49. Kh3 a5 50. g4 fxg4+ 51. Bxg4 Kh7 52. Rd4 b4 53. axb4 axb4 {Strongly threatening ...b3.} 54. Rf4 (54. Rd6 $15) 54... Kh6 (54... b3 $19 {Hoping for ...b2.} 55. Bf5+ Kh6) 55. Rf6+ $15 Kg7 56. Rb6 Rf7 57. Rg2 Rf2 {aiming for ...Rxg2.} 58. Be2+ Rxg2 59. Kxg2 {[%mdl 4096] Endgame KRB-KRB} Rf5 60. Bf3 Rc5 61. h5 {The position is equal.} Rg5+ 62. Kf1 Rf5 63. Ke2 Rf6 64. Rxf6 Kxf6 $11 {KB-KB} 65. Bd5 Kg5 66. Bf7 $1 Kf6 (66... b3 $5) 67. Bb3 Kg5 68. Bf7 $1 Kf4 69. h6 Bc3 70. h7 Bf6 71. Bg8 Ke4 72. Bf7 Kd4 73. Bg8 Bh8 74. Bf7 Ke4 75. Bg8 Kd4 {Precision: White = 60%, Black = 54%.} 1/2-1/2

[Event "36th Zalakaros Festival 2017"]
[Site "Zalakaros"]
[Date "2017.05.24"]
[Round "7"]
[White "Nguyen, Piotr"]
[Black "Rudolf, Michal"]
[Result "1/2-1/2"]
[WhiteElo "2453"]
[BlackElo "2340"]
[Annotator "TA"]
[PlyCount "45"]
[EventDate "2017.??.??"]
[EventType "swiss"]
[EventCountry "HUN"]
[SourceTitle "playchess.com"]
[Source "ChessBase"]
[SourceQuality "1"]

{[%evp 9,45,-4,0,-11,1,14,22,10,32,25,31,12,26,20,24,4,29,0,15,0,0,-1,14,0,23,23,29,19,23,2,4,-23,-15,-73,-22,-54,7,6]} 1. f4 b6 2. e4 Bb7 3. d3 e6 4. Nf3 d5 5. e5 c5 6. c3 {B00: Queen's Fianchetto Defence, Nimzowitsch Defence} Ne7 7. d4 (7. Na3 Nbc6 8. Be2 Nf5 9. O-O h5 10. Nc2 d4 11. Ng5 h4 {0-1 (56) Van Dooren,D (2333)-Jobava,B (2664) Vlissingen 2015}) 7... Qd7 $146 ({Predecessor:} 7... Nf5 8. Be2 h5 9. Na3 cxd4 10. Nxd4 Nxd4 11. cxd4 Bxa3 12. bxa3 {0-1 (27) Formanek,E (2304)-Ivanov,A (2563) Philadelphia 2005}) 8. Be3 Ba6 9. Bxa6 Nxa6 10. O-O (10. Qe2 $5 {[%cal Re2a6]} Nf5 11. Bf2 $11) 10... Nf5 11. Bf2 h5 12. Nbd2 Be7 13. g3 {[%cal Bg2g3,Bg3g4][%mdl 32]} Nb8 14. h3 Nc6 15. Qe2 g6 16. Kg2 Rc8 17. g4 Ng7 18. dxc5 bxc5 19. Rad1 Qb7 20. b4 cxb4 21. cxb4 (21. Rb1 $11 {keeps the balance.}) 21... Nxb4 ({Black should try} 21... Qxb4 $17 {Hoping for ...hxg4.} 22. Bg3 Qa4) 22. Rb1 $11 O-O ({Black should play} 22... Qc6 $15) 23. a3 {Precision: White = 31%, Black = 22%.} 1/2-1/2

[Event "36th Zalakaros Festival 2017"]
[Site "Zalakaros"]
[Date "2017.05.24"]
[Round "7"]
[White "Swayams, Mishra"]
[Black "Tica, Sven"]
[Result "1-0"]
[WhiteElo "2448"]
[BlackElo "2332"]
[Annotator "TA"]
[PlyCount "73"]
[EventDate "2017.??.??"]
[EventType "swiss"]
[EventCountry "HUN"]
[SourceTitle "playchess.com"]
[Source "ChessBase"]
[SourceQuality "1"]

{[%evp 20,73,11,10,16,10,14,18,8,7,7,12,10,17,57,55,41,23,67,10,126,129,130,114,95,92,233,200,222,101,86,86,111,78,89,0,88,0,86,71,92,100,112,110,120,102,187,170,195,218,432,408,456,452,29987,29988]} 1. d4 Nf6 2. c4 e6 3. Nc3 d5 4. Nf3 c5 5. cxd5 Nxd5 6. e4 Nxc3 7. bxc3 cxd4 8. cxd4 Bb4+ 9. Bd2 Bxd2+ 10. Qxd2 O-O 11. Rc1 Nd7 {D41: Queen's Gambit Declined: Semi-Tarrasch with 5 cxd5} 12. Bd3 b6 13. O-O Bb7 {The position is equal.} 14. Qe3 Rc8 15. e5 h6 16. Nd2 {[%cal Bf3d2,Bd2e4,Be4d6][%mdl 32] [#]} Nb8 $146 ({Predecessor:} 16... Qg5 17. Ne4 Qxe3 18. fxe3 Bxe4 19. Bxe4 {½-½ (41) Goganov,A (2569)-Socko,B (2654) Yerevan 2014}) 17. Rxc8 Qxc8 18. Ne4 $40 {[%mdl 128] White attacks.} Qc6 19. Qg3 (19. Rc1 $14 Qd5 20. Rc7) 19... Kh8 (19... Qa4 $11 {remains equal.}) 20. Nd6 $16 {Black must now prevent Be4.} Ba6 21. Bxa6 Nxa6 22. Qa3 b5 (22... Nb8 $16) 23. Rc1 $18 Qb6 {[#]} 24. Nxb5 (24. Nc8 $1 $18 {is the precise move to win.} b4 25. Qa4 (25. Nxb6 bxa3 26. Nc8 Nb4 $14)) 24... Kg8 $16 25. Nd6 Nb4 26. Nc4 Qb5 27. Nd6 Qb6 28. Nc4 (28. Rb1 {with more complications.} a5 29. Qb2 Qa7 30. h3 Rb8 31. Qc3) 28... Qb5 $1 29. h3 Rc8 30. Qb3 {aiming for a3.} a6 31. a4 Qb7 32. Rc3 Rb8 (32... Rc7 $16) 33. Nd6 $18 Qd5 34. Rc4 Nc6 $2 (34... a5 35. Qg3 Rd8) 35. Qc3 ({Not} 35. Qc2 Nxd4 36. Qd1 (36. Rc8+ Rxc8 37. Qxc8+ Kh7 $15) 36... Nb3 $16) 35... Ne7 36. Rc7 Kf8 {[#]} (36... Nf5 $18 37. Rc8+ (37. Nxf7 Qe4 $14) 37... Rxc8 38. Qxc8+ Kh7 39. Nxf5 exf5 40. Qxf5+ Kg8 41. Qc8+ Kh7 42. Qc2+ g6) 37. Rxe7 $1 {[%mdl 512] Precision: White = 70%, Black = 29%.} 1-0